000 00931nas a2200277 4500
001 BR2014000958
003 BR-BrBNA
005 20231205123718.0
007 ta
008 230509b bl.|||p| |||| 00| 00por d
040 _aBR-BrBNA
_bpor
_cBiblioteca Nacional de Agricultura
041 _a(Es)
072 _aP33; U10
100 1 _aRodríguez-Vásquez, A.F.
100 1 _aAristizábal-Castillo, A.M.
100 1 _aCamacho-Tamayo, J.H.
245 1 _aVariabilidad espacial de los modelos de infiltración de Philip y Kostiakov en un suelo Ândico
650 _aFÍSICA DO SOLO
650 _aRELAÇÃO SOLO-ÁGUA
650 _aINFILTRAÇÃO
650 _aMODELO MATEMÁTICO
773 0 _tEngenharia Agrícola (Brazil)
_xISSN 0100-6916
_g(Jan-Mar 2008), v. 28(1) p. 64-75
_wBR2014000958
856 4 0 _uhttp://www.scielo.br/pdf/eagri/v28n1/a07v28n1.pdf
909 _a202311
_bLúcia
_c55
_dLúcia Elande
942 _2AGRIS
_n0
_cANA
999 _c235313
_d235313